000 01088nam a2200265 i 4500
001 bg
100 1 _aKWASEK, Mariola
245 1 0 _aPoziom życia rolników w świetle badań budżetów gospodarstw domowych /
_cMariola Kwasek.
260 _aWarszawa :
_bIERiGŻ,
_c2000.
300 _a73, [1] s. :
_bil. ;
_c25 cm.
490 1 _aStudia i Monografie / Instytut Ekonomiki Rolnictwa i Gospodarki Żywnościowej,
_x0239-7102 ;
_v102
500 _aStreszcz. ang., ros.
504 _aBibliogr.
650 9 _aBudżety rodzinne
_zPolska
_yod 1989 r.
650 9 _aGospodarstwo domowe
_zPolska
_yod 1989 r.
650 9 _aStopa życiowa
_zPolska
_yod 1989 r.
650 9 _aWieś
_zPolska
_yod 1989 r.
830 0 _aStudia i Monografie (Instytut Ekonomiki Rolnictwa i Gospodarki Żywnościowej) ;
_v102
040 _cBPK
041 0 _apol
_bengrus
080 _a631.16:330.567.2](438)"1989/..."
942 _cKS
008 s pl f |000 0 pol
999 _c43172
_d43172
856 _uhttp://koha.tu.koszalin.pl/cgi-bin/koha/opac-detail.pl?biblionumber=43172
_yKatalog online BPK